000 00264nam a2200121Ia 4500
100 _aBlanc/ Iris/ Vento
942 _cBK
654 _aLotus 1-2-3-
245 _aLearning Lotus 1-2-3-
260 _bGalgotia
_aNew Delhi
_c1994
546 _aENGLISH
999 _c31097
_d31097